| 000 | 00427nam a2200157 a 4500 | ||
|---|---|---|---|
| 005 | 20140412111304.0 | ||
| 008 | 010420s19uu xx 00 eng d | ||
| 020 | _a1-85681-010-0 | ||
| 050 |
_aM 823 _bB34 1994 |
||
| 100 | _aBaker, Jeannie | ||
| 245 |
_aWindow / _cstory and pictures by Jeannie Baker. |
||
| 260 |
_aLondon : _bJulia MacRae Books, _c1991. |
||
| 300 | _a1v. (unp.) ; ill. | ||
| 650 | _aTitle. | ||
| 999 |
_c103581 _d103581 |
||